MARC details
| 000 -LEADER |
| campo de control de longitud fija |
01514nas a2200457 i 4500 |
| 001 - NÚMERO DE CONTROL |
| campo de control |
196140 |
| 003 - IDENTIFICADOR DE NÚMERO DE CONTROL |
| campo de control |
ES-MaACL |
| 005 - FECHA Y HORA DE LA ÚLTIMA TRANSACCIÓN |
| campo de control |
20260129133902.0 |
| 007 - CAMPO FIJO DE DESCRIPCIÓN FÍSICA--INFORMACIÓN GENERAL |
| campo de control de longitud fija |
ta |
| 008 - DATOS DE LONGITUD FIJA--INFORMACIÓN GENERAL |
| campo de control de longitud fija |
240814c20199999sp qr p 0 b0spa |
| 010 ## - NÚMERO DE CONTROL DE LA BIBLIOTECA DEL CONGRESO |
| Número de control de LC |
n |
| Número de control de NUCMC |
0 |
| 015 ## - NÚMERO DE BIBLIOGRAFÍA NACIONAL |
| Número de bibliografía nacional |
REV1902 |
| 017 ## - NÚMERO DE COPYRIGHT O DE DEPÓSITO LEGAL |
| Número de copyright o de depósito legal |
M 9624-2019 |
| Agencia que asigna |
Oficina Depósito Legal Madrid |
| 022 0# - NÚMERO INTERNACIONAL NORMALIZADO PARA PUBLICACIONES SERIADAS |
| Número Internacional Normalizado para Publicaciones Seriadas |
2659-6393 |
| Fuente |
_u |
| 035 ## - NÚMERO DE CONTROL DEL SISTEMA |
| Número de control de sistema |
(OCoLC)1103697315 |
| 035 ## - NÚMERO DE CONTROL DEL SISTEMA |
| Número de control de sistema |
(SpMaBN)a6489072 |
| 035 ## - NÚMERO DE CONTROL DEL SISTEMA |
| Número de control de sistema |
991021227869708606 |
| 037 ## - FUENTE DE ADQUISICIÓN |
| Fuente del número de adquisición |
Pollensa, 2, oficina 14, 28290; tf. 916404643, fax 916401437 |
| 040 ## - FUENTE DE CATALOGACIÓN |
| Centro catalogador/agencia de origen |
SpMaBN |
| Lengua de catalogación |
spa |
| Centro/agencia transcriptor |
SpMaBN |
| Normas de descripción |
rdc |
| Centro/agencia modificador |
ES-MaACL |
| 080 ## - NÚMERO DE LA CLASIFICACIÓN DECIMAL UNIVERSAL |
| Número de la Clasificación Decimal Universal |
621.397 |
| 210 0# - TÍTULO ABREVIADO |
| Título abreviado |
AV integr. audiov. |
| 222 #0 - TÍTULO CLAVE |
| Título clave |
AV, integración audiovisual |
| 245 00 - MENCIÓN DEL TÍTULO |
| Título |
AV, integración audiovisual |
| 260 ## - PUBLICACIÓN, DISTRIBUCIÓN, ETC. |
| Lugar de publicación, distribución, etc. |
Las Rozas, Madrid : |
| Nombre del editor, distribuidor, etc. |
Daró Media Grroup, |
| Fecha de publicación, distribución, etc. |
D.L. 2019- |
| 300 ## - DESCRIPCIÓN FÍSICA |
| Extensión |
v . ; |
| Dimensiones |
30 cm |
| 310 ## - PERIODICIDAD ACTUAL |
| Periodicidad actual |
Trimestral |
| 336 ## - TIPO DE CONTENIDO |
| Término de tipo de contenido |
Texto (visual) |
| Fuente |
isbdcontent |
| 337 ## - TIPO DE MEDIO |
| Nombre/término del tipo de medio |
sin mediación |
| Fuente |
isbdmedia |
| 338 ## - TIPO DE SOPORTE |
| Fuente |
rdacarrier |
| Nombre/término del tipo de soporte |
volumen |
| 362 0# - FECHAS DE PUBLICACIÓN Y/O DESIGNACIÓN SECUENCIAL |
| Fecha de publicación y/o designación secuencial |
Marzo 2019- |
| 588 ## - NOTA DE FUENTE DE LA DESCRIPCIÓN |
| Nota de fuente de la descripción |
Descripción basada en: n. 17 (jun. 2023) |
| 594 ## - Nota al título y mención de responsabilidad |
| Nota al título y mención de responsabilidad |
Título tomado de la cubierta |
| 650 #7 - PUNTO DE ACCESO ADICIONAL DE MATERIA--TÉRMINO DE MATERIA |
| Término de materia o nombre geográfico como elemento de entrada |
Industria audiovisual |
| Fuente del encabezamiento o término |
embne |
| 9 (RLIN) |
238376 |
| 655 #7 - TERMINO DE INDIZACIÓN--GENERO/FORMA |
| 9 (RLIN) |
226866 |
| Datos o término principal de género/forma |
Revistas |
| 852 ## - LOCALIZACIÓN |
| Ubicación |
Es-MaACL |
| Ubicación en estantería |
Hemeroteca |
| Número de control de estantería |
HEM-1850 |
| Donativo/Legado
|
Donación: Editorial |
| Nota libre |
Revista viva |
| -- |
Casillero actual: Cº 25 |
| itemnumber |
203957 |
| 856 4# - LOCALIZACIÓN Y ACCESO ELECTRÓNICOS |
| Texto de enlace |
En linea |
| Identificador Uniforme de Recursos |
<a href="https://avintegracion.com/leer-la-revista/">https://avintegracion.com/leer-la-revista/</a> |
| 866 ## - MENCIÓN TEXTUAL DE FONDOS--UNIDAD BIBLIOGRÁFICA BÁSICA |
| Fondos |
2023-2024-2025-2026- |
| 942 ## - ELEMENTOS DE ENTRADA SECUNDARIOS (KOHA) |
| Fuente del sistema de clasificación o colocación |
Clasificación decimal universal |
| Suprimir en OPAC |
No |
| Tipo de ítem Koha |
Revista |
| 955 ## - CATALOGADOR - EDICIÓN |
| Nombre de catalogador |
Verónica Torres Díaz |